000 00691nam a2200217 a 4500
008 951214s1988||||[C 0 slo c
020 _c160 Kčs.
_q(36700 výtl.)
040 _aSNK
_bslo
_cSNK
_eAACR2
041 1 _aslo
_hspa
044 _axo
_cSK
080 _a730/75.033.1/.4(100)(091)(084.12)
100 1 _aPijoan, José
_4aut
245 1 0 _aDejiny umenia 3
_cJosé Pijoan ; Anna Škorupová, Ludmila Zapletalová
250 _a2., vyd.
260 _aBratislava
_bTatran
_c1988
_ePraha
_fSvoboda
300 _a336 s., 66,79 AH
_bFot.
_c30 cm
500 _aReg. Ilustr. na front. a predsádkach.
700 1 _aŠkorupová, Anna
_4trl
700 1 _aZapletalová, Ludmila
_4bkd
958 _aA
999 _c14954
_d14954